| 000 | 01983nam0a2200385 4500 | ||
|---|---|---|---|
| 001 | RU\NLR\bibl\1475940 | ||
| 005 | 20260407083737.0 | ||
| 010 |
_a978-5-8209-0635-0 _9500 |
||
| 021 |
_aRU _b2009-105228 _96699 |
||
| 035 | _a(nilc)RSL-KNO-004560734 | ||
| 035 | _a(NLR Aleph) 001467609 | ||
| 090 |
_a1623039 _c1623039 |
||
| 100 | _a20091221d2008 |||y0rusy50 ca | ||
| 101 | 0 |
_arus _apol |
|
| 102 | _aRU | ||
| 105 | _ay zzzz||||| | ||
| 200 | 1 |
_aПоляки в России: вехи истории _dPolacy w Rosji: etapy dziejów _e[сборник научных статей] _fМ-во образования и науки Российской Федерации, Кубанский гос. ун-т, Краснодарская региональная общественная орг. Польский науц.-культурный центр "Единство" _g[редкол.: Х. Граля, А. Л. Петровский, А. И. Селицкий (отв. ред.)] _zpol |
|
| 210 |
_aКраснодар _cКубанский государственный университет _d2008 |
||
| 215 |
_a281, [2] с. _d20 |
||
| 300 | _aТекст частично парал. польский | ||
| 320 | _aБиблиогр. в подстроч. прим. | ||
| 320 | _aИмен. указ.: с. 256-277 | ||
| 510 | 1 |
_aPolacy w Rosji: etapy dziejów _zpol |
|
| 606 | 1 |
_aПоляки _jСборники _yРоссия _92139080 _3RU\NLR\auth\661289509 |
|
| 686 |
_aТ3(29=Пол)0,02 _2rubbk |
||
| 686 | _aТ3(29=П)я43 | ||
| 702 | 1 |
_4340 _8rus _7ca _aСелицкий _bА. И. _f1975- _gАлександр Игоревич _3RU\NLR\auth\7786339 _969267 |
|
| 712 | 0 | 2 |
_4570 _aКубанский государственный университет _cКраснодар _3RU\NLR\AUTH\8810948 _9294538 |
| 801 | 0 |
_aRU _bRuMoRGB _c20091221 _grcr |
|
| 801 | 1 |
_aRU _bRuMoRGB _c20091221 |
|
| 801 | 2 |
_aRU _bNLR _c20100219 _grcr |
|
| 942 | _cBOOK | ||
| 980 | _aNB | ||
| 980 | _aNBR | ||